| 000 | 01143nam a22002657a 4500 | ||
|---|---|---|---|
| 999 |
_c64604 _d64604 |
||
| 005 | 20240530110740.0 | ||
| 008 | 180923s2010 ua a f b 000 0 ara d | ||
| 017 |
_a2010/10475 _bمصر. دار الكتب |
||
| 020 | _a9789774520747 | ||
| 040 |
_aEG-CaGPL _cEG-CaGPL |
||
| 082 | 0 | 4 |
_221 _a932.003 _bق/م م |
| 110 | 0 | _aمركز توثيق التراث الحضارى والطبيعى | |
| 245 | 1 | 2 |
_aالمعجم المصور للمصطلحات الاثرية : _bمختارات من موقع مصر الخالدة / _cمركز توثيق التراث الحضارى والطبيعى |
| 250 | _aط.1 | ||
| 260 |
_aالقاهرة : _bمكتبة الاسكندرية، _c2010 . |
||
| 300 |
_a287 ص. : _bايض ؛ _c24 سم. |
||
| 650 | 0 | 7 |
_2qrmak _aالحضارة الفرعونية _vمعاجم |
| 650 | 0 | 7 | _aالفن الاسلامى |
| 650 | 0 | 7 | _aالفن القبطى |
| 650 | 0 | 7 | _aالفن المصرى القديم |
| 651 | 0 | 7 |
_2qrmak _aمصر _vمعاجم _xالاثار القبطية |
| 651 | 0 | 7 |
_aمصر _vمعاجم _xالاثار الرومانية |
| 942 |
_2ddc _cBK |
||